000
00303nam a22001337a 4500
008
170627b xxu||||| |||| 00| 0 eng d
020
_a
9780253210241
041
_a
eng
080
_a
32
100
_a
21
101
_a
SHP
245
_a
PUBLIC DIMENSION FOREIGN POLICY
_c
NEWSOM.D.D
942
_2
udc
_c
BK
999
_c
19139
_d
19139